Регионална библиотека "Любен Каравелов" - Русе

Бележити българи на съвременна България (Запис номер 131029)

MARC детайли
000 -Лидер
Контролно поле с фиксирана дължина 01904nam a2200445 c 4500
003 - Код на организацията, давaща контролен номер
Контролно поле BLK
005 - Дата и час на последна редакция
Контролно поле 20180422111534.0
008 - Елементи от данни с фиксирана дължина
fixed length control field 180409b bul|||||r ||||||| ||bul||
010 ## - Наследен системен номер
LC control number KNG00136829000
020 ## - Международен стандартен номер на книга ISBN
Международен стандартен номер на книга ISBN 978-954-8582-35-3
-- издат.: Сириус-4
040 ## - Източник на каталожния запис
Идентификатор на билиотеката - собственик на записа BLK
041 ## - Код за език
Код за езика на текст/звукозапис или на отделно заглавие Български
Код за езика КДБФ Български
072 #7 - Код за тематичната категория
Код организация bullib
Код за тематична категория Н00
Текст Общ отдел Н
080 ## - УДК
Текстов определител УДК Наука. Наукознание. Организация на умствения труд
УДК код - определител по УДК 001
УДК определител (497.2)(092)
УДК - код + определител 001(497.2)(092)
080 ## - УДК
Текстов определител УДК Вътрешна политика. Вж и 329
УДК код - определител по УДК 323
УДК определител (497.2)(092)
УДК - код + определител 323(497.2)(092)
080 ## - УДК
Текстов определител УДК Биографии
УДК код - определител по УДК 929
УДК определител (497.2)
УДК - код + определител 929(497.2)
139 ## - Редно поле
Редна дума Михайлов, Любомир Иванов
Авторски знак Михаи - М 74
245 10 - Сведения за заглавието
Заглавие Бележити българи на съвременна България
Редно поле (дума) авт.-състав. Любомир Иванов Михайлов.
246 11 - Различни форми на заглавието
Паралелно заглавие Eminent figures of modern Bulgaria
257 ## - Страна на издаване
Страна на създаване/издаване България
260 ## - Област на издателските данни
-- В. Търново
Име на издателя, разпространителя и проч. Сириус-4
Година на издаване 2012
300 ## - Физическа характеристика
Страници 456 с.
Илюстрации и др. с портр.
Размери/Мащаб 21 см
380 ## - Жанр
Жанр Общ отдел
500 ## - Общи забележки
Забележка На гърба на кн. Бележити българи на съвр. България 1. - Рез. на англ. ез.
650 #4 - Допълнително описание по предмет – тема
Основно описание – тема или топоним Българи - биографии
9 (RLIN) 249240
650 #4 - Допълнително описание по предмет – тема
Основно описание – тема или топоним Учени, български - биографии
9 (RLIN) 251778
650 #4 - Допълнително описание по предмет – тема
Основно описание – тема или топоним Научни и културни дейци - България
9 (RLIN) 279230
653 ## - Ключова дума – ненормативна
Ключова дума български учени
653 ## - Ключова дума – ненормативна
Ключова дума научни дейци
653 ## - Ключова дума – ненормативна
Ключова дума учители
653 ## - Ключова дума – ненормативна
Ключова дума биографии
659 ## - Тематичен бюлетин
Тематичен бюлетин Н
700 1# - Други автори (авторска отговорност)
Лично име Михайлов, Любомир Иванов
Автороска отговорност (Описва отношението между автора и произведението) авт.-състав.
9 (RLIN) 378189
720 ## - Неконтролирано име
Паралелен автор Lyubomir Mihaylov
Ключова дума за отношение (Описва отношението между автора и произведението) паралелен автор
852 ## - Местоположение
Форматна сигнатура Цб 257297
856 4# - Електронен адрес и достъп
Електронен формат pdf - файл
Път до файла /url/
856 4# - Електронен адрес и достъп
Електронен формат pdf - файл
Път до файла /url/
942 ## - АРТИКУЛИ
Вид на библиотечния материал Книги
Скрит в OPAC Не
944 ## - СЪЗДАВАНЕ И РЕДАКЦИЯ на ЗАПИСА
Създаване/Редакция Създаване
Дата на регистрацията/редакция 30.08.2011
Служител, извършил регистрацията/редакцията Геновева_Генчева
944 ## - СЪЗДАВАНЕ И РЕДАКЦИЯ на ЗАПИСА
Създаване/Редакция Редакция
Дата на регистрацията/редакция 28.01.2013
Служител, извършил регистрацията/редакцията
999 ## - СИСТЕМНИ КОНТРОЛНИ НОМЕРА
Koha biblionumber 131029
Koha biblioitemnumber 131029
Наличности
Код за отписване Код за изгубен артикул Код за повреда Коз за рестрикции Код за отдаване Артикулен № Име на библиотеката - собственик Име на библиотеката, в която се намира в момента Статус (Текущо местоположение) Дата на вписване в системата Местоположение - отдел Цена в лева Инвентарен номер Систематично азбучна сигнатура Баркод Номер на екземпляра Цена в евро Служебна бележка Служебен тип на артикула
  Не е изгубен Не е повреден без рестрикции ползва се в читалня 213569 Регионална библиотека "Любен Каравелов" Русе Регионална библиотека "Любен Каравелов" Русе Читалня 2012-11-27 Читалня 49.00 120000761817 Ч 001/М 74 120000761817 1 25.05 Дост: Pk Вид: Ф N: 323 Дата: 19.11.2012 Дата инв: 21.03.2017 Бележки инв: Ч2017 Книги
Vip Innovations Ltd, Rousse, Bulgaria 2025